UBT Library

Corporations and the common good / (Record no. 43361)

000 -LEADER
fixed length control field 00586cam a2200217 a 4500
001 - CONTROL NUMBER
control field 2861484
005 - DATE AND TIME OF LATEST TRANSACTION
control field 20180224034348.0
008 - FIXED-LENGTH DATA ELEMENTS--GENERAL INFORMATION
fixed length control field 851010s1986 inua b 000 0 eng
010 ## - LIBRARY OF CONGRESS CONTROL NUMBER
LC control number 85040597
020 ## - INTERNATIONAL STANDARD BOOK NUMBER
International Standard Book Number 0268007543 :
Terms of availability $16.95
040 ## - CATALOGING SOURCE
Original cataloging agency DLC
Transcribing agency DLC
Modifying agency DLC
041 ## - LANGUAGE CODE
Language code of text/sound track or separate title eng
080 ## - UNIVERSAL DECIMAL CLASSIFICATION NUMBER
Universal Decimal Classification number 174.4
082 00 - DEWEY DECIMAL CLASSIFICATION NUMBER
Classification number 174.4 DIC
Edition number 19
100 ## - Rafti
Rafti 53
101 ## - Shkurtesa
Shkurtesa MNG
245 00 - TITLE STATEMENT
Title Corporations and the common good /
Statement of responsibility, etc edited by Robert B. Dickie and Leroy S. Rouner.
504 ## - BIBLIOGRAPHY, ETC. NOTE
Bibliography, etc Includes bibliographies.
906 ## - LOCAL DATA ELEMENT F, LDF (RLIN)
a 7
b cbc
c orignew
d 1
e ocip
f 19
g y-gencatlg
942 ## - ADDED ENTRY ELEMENTS (KOHA)
Source of classification or shelving scheme
Item type Books
Holdings
Withdrawn status Lost status Source of classification or shelving scheme Damaged status Not for loan Collection code Permanent location Current location Shelving location Date acquired Total Checkouts Full call number Barcode Date last seen Price effective from Koha item type
          Koleksioni i përgjithshem UBT - Lipjan UBT - Lipjan Koleksioni i përgjithshem 02/24/2018   174.4 DIC 002-2999987 02/24/2018 02/24/2018 Books
UBT Library © 2015-2024. All rights reserved University Education for Business and Technology